Loading...
| History - World History | 0 | 6 | 0 | 2 | 60 | 70 | 103.67 | 2 | 6 |
| History - American History | 1 | 2 | 0 | 0 | 35 | 74 | 87.67 | 2 | 3 |
| Religion | 0 | 3 | 0 | 1 | 30 | 125 | 128.67 | 1 | 3 |
| History - Other History | 2 | 0 | 0 | 0 | 30 | 46 | 48.00 | 2 | 2 |
| Fine Arts - Other Fine Arts | 0 | 2 | 1 | 0 | 15 | 124 | 133.50 | 0 | 2 |
| Mythology | 0 | 2 | 1 | 0 | 15 | 80 | 91.50 | 1 | 2 |
| Literature - British Literature | 0 | 1 | 0 | 0 | 10 | 98 | 98.00 | 0 | 1 |
| Geography | 0 | 1 | 0 | 1 | 10 | 86 | 86.00 | 0 | 1 |
| History - European History | 0 | 1 | 1 | 0 | 5 | 89 | 89.00 | 0 | 1 |
| Philosophy | 0 | 0 | 1 | 0 | -5 | 0.00 | 0 | 0 | |
| Science - Physics | 0 | 0 | 1 | 0 | -5 | 0.00 | 0 | 0 | |
| Social Science | 0 | 0 | 1 | 0 | -5 | 0.00 | 0 | 0 |